ARRUPE JESUIT UNIVERSITY

CORONAVIRUS -STOP THE SPREAD - CLEAN,DISINFECT,COVER

Teaching & learning through multiple intelligences / (Record no. 126724)

MARC details
000 -LEADER
fixed length control field 01183cam a2200313 a 4500
001 - CONTROL NUMBER
control field 13147864
003 - CONTROL NUMBER IDENTIFIER
control field ARRUPE
005 - DATE AND TIME OF LATEST TRANSACTION
control field 20170822095933.0
008 - FIXED-LENGTH DATA ELEMENTS--GENERAL INFORMATION
fixed length control field 030404s2004 maua b 001 0 eng
010 ## - LIBRARY OF CONGRESS CONTROL NUMBER
LC control number 2003050027
020 ## - INTERNATIONAL STANDARD BOOK NUMBER
International Standard Book Number 0205363903
040 ## - CATALOGING SOURCE
Original cataloging agency DLC
Transcribing agency DLC
Modifying agency DLC
050 00 - LIBRARY OF CONGRESS CALL NUMBER
Classification number LB1060
Item number .C366 2004
082 00 - DEWEY DECIMAL CLASSIFICATION NUMBER
Classification number 370.15/2
Edition number 21
300 ## - PHYSICAL DESCRIPTION
Other physical details ill. ;
Dimensions 28 cm.
100 1# - MAIN ENTRY--PERSONAL NAME
Personal name Campbell, Linda,
Dates associated with a name 1948-2003.
9 (RLIN) 34988
245 10 - TITLE STATEMENT
Title Teaching & learning through multiple intelligences /
Statement of responsibility, etc Linda Campbell, Bruce Campbell, Dee Dickinson.
250 ## - EDITION STATEMENT
Edition statement 3rd ed.
260 ## - PUBLICATION, DISTRIBUTION, ETC. (IMPRINT)
Place of publication, distribution, etc Boston :
Name of publisher, distributor, etc Pearson Education, Inc.
Date of publication, distribution, etc c2003.
300 ## - PHYSICAL DESCRIPTION
Extent xxvi, 342 p. :
504 ## - BIBLIOGRAPHY, ETC. NOTE
Bibliography, etc Includes bibliographical references and indexes.
650 #0 - SUBJECT ADDED ENTRY--TOPICAL TERM
Topical term or geographic name as entry element Learning.
9 (RLIN) 34989
650 #0 - SUBJECT ADDED ENTRY--TOPICAL TERM
Topical term or geographic name as entry element Multiple intelligences.
9 (RLIN) 13029
650 #0 - SUBJECT ADDED ENTRY--TOPICAL TERM
Topical term or geographic name as entry element Cognitive styles.
9 (RLIN) 34990
650 #0 - SUBJECT ADDED ENTRY--TOPICAL TERM
Topical term or geographic name as entry element Teaching.
9 (RLIN) 34991
700 1# - ADDED ENTRY--PERSONAL NAME
Personal name Campbell, Bruce,
Dates associated with a name 1945-
9 (RLIN) 34992
700 1# - ADDED ENTRY--PERSONAL NAME
Personal name Dickinson, Dee.
9 (RLIN) 34993
906 ## - LOCAL DATA ELEMENT F, LDF (RLIN)
a 7
b cbc
c orignew
d 1
e ocip
f 20
g y-gencatlg
942 ## - ADDED ENTRY ELEMENTS (KOHA)
Source of classification or shelving scheme Library of Congress Classification
Koha item type Monograph ( Printed materials)
Holdings
Withdrawn status Lost status Source of classification or shelving scheme Damaged status Not for loan Collection code Home library Current library Shelving location Date acquired Total Checkouts Full call number Barcode Date last seen Date checked out Price effective from Koha item type
    Library of Congress Classification     Main Collection ARRUPE LIBRARY ARRUPE LIBRARY Main Collection 22/08/2017 6 LB1060 .C366 2003 46500023519 28/05/2019 14/05/2019 22/08/2017 Monograph ( Printed materials)

 

Arrupe Library. PO Box MP320 Mt Pleasant, Harare, Zimbabwe
263 242 745411|librarian@aju.ac.zw